[Event "Stare Mesto Slavia Kromeriz op 2nd"]
[Site "Stare Mesto"]
[Date "2024.03.30"]
[Round "5"]
[White "Babula, Vlastimil1"]
[Black "Ramis, Ondrej"]
[Result "1-0"]
[WhiteElo "2363"]
[BlackElo "1897"]
[PlyCount "67"]
[EventDate "2024.03.28"]
[EventType "swiss"]
[EventRounds "7"]
[EventCountry "CZE"]
[SourceTitle "CB14_2024"]
[SourceDate "2024.04.01"]
[SourceVersion "1"]
[SourceVersionDate "2024.04.01"]
[SourceQuality "1"]

1. e4 c5 2. Nf3 d6 3. d4 cxd4 4. Nxd4 Nf6 5. Nc3 Nc6 6. Bc4 Qb6 7. Ndb5 a6 8. Be3 Qa5 9. Nd4 Bd7 10. 0-0 g6 11. h3 Bg7 12. Bb3 0-0 13. Re1 Rac8 14. Qe2 b5 15. Rad1 Ne5 16. Nd5 Qd8 17. Bg5 Nxd5 18. exd5 Re8 19. c3 Qb6 20. Be3 Qb7 21. Nf3 Nc4 22. Bd4 Rc7 23. Bxg7 Kxg7 24. Ng5 h6 25. Ne4 Bf5 26. Bxc4 Bxe4 27. Bxb5 Rb8 28. Bc6 Rxc6 29. dxc6 Bxc6 30. Qxe7 Qxb2 31. Qxd6 Rb6 32. Qe5+ Kh7 33. Rd8 Qxc3 34. Rh8# 1-0

[Event "CZE-ch Amateur"]
[Site "Hluk"]
[Date "2023.05.06"]
[Round "1"]
[White "Ramis, Ondrej"]
[Black "Shirinyan, Daniel"]
[Result "0-1"]
[WhiteElo "1646"]
[BlackElo "2147"]
[PlyCount "90"]
[EventDate "2023.05.06"]
[EventType "swiss"]
[EventRounds "9"]
[EventCountry "CZE"]
[SourceTitle "CBM 214 Extra"]
[Source "ChessBase"]
[SourceDate "2023.07.31"]
[SourceVersion "1"]
[SourceVersionDate "2023.07.31"]
[SourceQuality "1"]

1. d4 Nf6 2. c4 e6 3. Nf3 b6 4. g3 Ba6 5. Qc2 c5 6. Bg2 Bb7 7. 0-0 cxd4 8. Nxd4 Bxg2 9. Kxg2 Qc8 10. e4 Nc6 11. Nf3 d6 12. Nc3 Be7 13. b3 0-0 14. Ba3 Rd8 15. Rfe1 Qb7 16. Rad1 a6 17. Nd4 Rac8 18. Qe2 b5 19. Bb2 bxc4 20. Qxc4 d5 21. exd5 Nb4 22. Qe2 Nbxd5 23. Qf3 Qa7 24. Nxd5 Rxd5 25. Rc1 Rxc1 26. Rxc1 Rxd4 27. Bxd4 Qxd4 28. Rc8+ Bf8 29. Qa8 Qb4 30. Qxa6 g6 31. Qa8 Kg7 32. Rc4 Qd2 33. Qf3 Qxa2 34. Rf4 Qb2 35. h4 h5 36. Rc4 Nd5 37. g4 hxg4 38. Rxg4 Bc5 39. h5 Ne3+ 40. Kg3 Nxg4 41. Kxg4 Qd4+ 42. Kg3 gxh5 43. b4 h4+ 44. Kg2 Bxb4 45. Qh5 Qd5+ 0-1